| 000 | 00449nam a2200181Ia 4500 | ||
|---|---|---|---|
| 003 | GCL | ||
| 008 | 140319s9999 xx 000 0 eng d | ||
| 040 |
_aGCL / _cGCL |
||
| 082 | 0 | 4 |
_a302.2 _bP C |
| 100 | 1 | _aPRICE, STUART | |
| 245 | 1 | 0 |
_aCOMMUNICATION STUDIES / _cPRICE, STUART |
| 260 |
_a[S.N] : _bLONGMAN ، _c1996 |
||
| 300 | _a577 P | ||
| 650 | 0 | 4 | _aCOMMUNITY |
| 650 | 0 | 4 | _aSOCIALISM |
| 650 | 0 | 4 | _aCOMMUNICATION AND CULTURE |
| 942 |
_2ddc _cBK |
||
| 999 |
_c16342 _d16342 |
||